LEADER 01257nam0-2200385---450- 001 990009571690403321 005 20161028071030.0 010 $a978-88-6198-052-5 035 $a000957169 035 $aFED01000957169 035 $a(Aleph)000957169FED01 035 $a000957169 100 $a20130416d2010----km-y0itay50------ba 101 0 $aita 102 $aIT 105 $aa-------001yy 200 1 $aL'Aquila$eil progetto C.A.S.E$ecomplessi antisismici sostenibili ed ecocompatibili$eun progetto di ricostruzione unico al mondo che ha consentito di dare alloggio a quindicimila persone in soli nove mesi$f[ideato da Gian Michele Calvi$ga cura di Roberto Turino] 210 $a[Pavia]$cIuss Press$d2010 215 $a431 p.$cill.$d28 cm 610 0 $aCostruzioni antisismiche$aL'Aquila$a2009-2010 676 $a693.852 702 1$aTurino,$bRoberto 702 1$aCalvi,$bGian Michele 801 0$aIT$bUNINA$gRICA$2UNIMARC 901 $aBK 912 $a990009571690403321 952 $aURB.LE B 2413$b18446$fFARBC 952 $a13 M 26 37$b17618$fFINBC 952 $a13 M 26 38$b17619$fFINBC 952 $a19.786$b273/2016$fDARST 959 $aFARBC 959 $aFINBC 959 $aDARST 996 $aL'Aquila$9684067 997 $aUNINA LEADER 01780nas 2200541- 450 001 9910446843903321 005 20240130213016.0 011 $a1741-265X 035 $a(DE-599)ZDB2084027-5 035 $a(OCoLC)50409791 035 $a(CKB)111025125045002 035 $a(CONSER)--2020207179 035 $a(EXLCZ)99111025125045002 100 $a20020814a20029999 s-- a 101 0 $aeng 135 $aurmnu|||||||| 181 $ctxt$2rdacontent 182 $cc$2rdamedia 183 $acr$2rdacarrier 200 10$aArts and humanities in higher education 210 1$a[Thousand Oaks, Calif.] :$cSage Publications,$d2002- 300 $aRefereed/Peer-reviewed 300 $aTitle from journal information screen (viewed August 11, 2002). 311 $a1474-0222 531 $aARTS & HUMANITIES IN HIGHER EDUCATION 606 $aHumanities$xStudy and teaching (Higher)$vPeriodicals 606 $aArts$xStudy and teaching (Higher)$vPeriodicals 606 $aArts$xStudy and teaching (Higher)$2fast$3(OCoLC)fst00817821 606 $aHumanities$xStudy and teaching (Higher)$2fast$3(OCoLC)fst00963641 608 $aPeriodicals.$2fast 608 $aPeriodicals.$2lcgft 610 00$aonderwijs 610 00$aeducation 610 00$akunst 610 00$aarts 610 00$ageesteswetenschappen 610 00$ahumanities 610 10$aEducation (General) 610 10$aOnderwijs (algemeen) 615 0$aHumanities$xStudy and teaching (Higher) 615 0$aArts$xStudy and teaching (Higher) 615 7$aArts$xStudy and teaching (Higher) 615 7$aHumanities$xStudy and teaching (Higher) 676 $a700.7 906 $aJOURNAL 912 $a9910446843903321 996 $aArts and humanities in higher education$92162403 997 $aUNINA